000 00703nam a22001937a 4500
999 _c176312
_d176312
005 20201214150956.0
010 _aUR-10965
020 _c180.00
_a9788194369929
035 _aU-9520
037 _bDBAD/PUB
082 _a841
100 _qمحمد حنيف بشر بيجا پو ر ی
245 _aیر مغا ن بشر
_cمحمد حنيف بشر بيجا پو ر ی
246 _bYermughan-e-Bashar (Urdu)
_aby Mohd. Hanif Bashar Bijapuri
260 _aN.Delhi
_bEducational Publishing House
_c2019 ء
270 _aH.O.D1/16,Ansari Road,Darya ganj,
_bN.Delhi
_e110002
_k45678285,23216162
_l0091-11-23211540
300 _a160 ص
_c22 Cm(Hb)
942 _2ddc
_cUR
_h841
_mش ا ہ